[Event "GRE-ch Online Blitz op 1st"]
[Site "Tornelo INT"]
[Date "2021.02.07"]
[Round "4"]
[White "Melessanakis, Alexandros"]
[Black "Chatzinikolaou, Emmanouil"]
[Result "1-0"]
[WhiteElo "1127"]
[BlackElo "1407"]
[PlyCount "61"]
[EventDate "2021.02.07"]
[EventType "swiss (blitz)"]
[EventRounds "16"]
[EventCountry "GRE"]
[SourceTitle "EXT 2023"]
[Source "ChessBase"]
[SourceDate "2022.10.05"]
[SourceVersion "1"]
[SourceVersionDate "2022.10.05"]
[SourceQuality "1"]

1. d4 Nf6 2. Bf4 g6 3. Qd2 Ne4 4. Qe3 d5 5. c4 c6 6. Nf3 Qa5+ 7. Nbd2 Bf5 8. g3 Nd7 9. cxd5 cxd5 10. Bg2 Ndf6 11. 0-0 Ng4 12. Qb3 b6 13. Bh3 h5 14. Nxe4 dxe4 15. Nh4 Bd7 16. Be3 Nxe3 17. fxe3 Bxh3 18. Qxf7+ Kd8 19. Rfc1 Qg5 20. Kf2 Qf6+ 21. Qxf6 exf6 22. Nxg6 Rg8 23. Nf4 Bg4 24. Rc6 Be7 25. Rac1 Rc8 26. Rxc8+ Bxc8 27. Nxh5 Rh8 28. g4 Bxg4 29. Nf4 Rxh2+ 30. Kg3 Bd7 31. Kxh2 1-0

[Event "GRE-ch Online Blitz op 1st"]
[Site "Tornelo INT"]
[Date "2021.02.07"]
[Round "10"]
[White "Zaganas, Konstantinos"]
[Black "Melessanakis, Alexandros"]
[Result "1-0"]
[WhiteElo "1678"]
[BlackElo "1127"]
[PlyCount "69"]
[EventDate "2021.02.07"]
[EventType "swiss (blitz)"]
[EventRounds "16"]
[EventCountry "GRE"]
[SourceTitle "EXT 2023"]
[Source "ChessBase"]
[SourceDate "2022.10.05"]
[SourceVersion "1"]
[SourceVersionDate "2022.10.05"]
[SourceQuality "1"]

1. Nf3 c6 2. d4 d5 3. c3 Bg4 4. Nbd2 e6 5. e4 Ne7 6. exd5 Nxd5 7. Be2 Bd6 8. 0-0 0-0 9. h3 Bf5 10. a3 Qc7 11. c4 Ne7 12. b4 Qd7 13. Bb2 Bc7 14. Qc1 Rd8 15. Qc3 f6 16. Rfe1 Ng6 17. c5 Be4 18. Nxe4 f5 19. Ned2 Ne7 20. Bc4 Nd5 21. Bxd5 cxd5 22. Ng5 Re8 23. a4 Nc6 24. Ngf3 Qf7 25. Ne5 Nxe5 26. dxe5 Qg6 27. Nf3 Rad8 28. b5 Re7 29. c6 b6 30. Ba3 Rf7 31. Re2 f4 32. Rae1 Rf5 33. Bd6 Rc8 34. Nd4 Rh5 35. Kh1 1-0

[Event "GRE-ch Online Rapid op 1st"]
[Site "Tornelo INT"]
[Date "2021.02.06"]
[Round "5"]
[White "Konstantinomanolakis, Stavros"]
[Black "Melessanakis, Alexandros"]
[Result "1-0"]
[WhiteElo "1482"]
[BlackElo "1127"]
[PlyCount "109"]
[EventDate "2021.02.06"]
[EventType "swiss (rapid)"]
[EventRounds "8"]
[EventCountry "GRE"]
[SourceTitle "EXT 2023"]
[Source "ChessBase"]
[SourceDate "2022.10.05"]
[SourceVersion "1"]
[SourceVersionDate "2022.10.05"]
[SourceQuality "1"]

1. d4 Nf6 2. c4 g6 3. Nc3 Bg7 4. e4 d6 5. Be2 0-0 6. Nf3 Nbd7 7. 0-0 e5 8. d5 Nh5 9. Ng5 Nf4 10. Nf3 Nxe2+ 11. Qxe2 f5 12. Bg5 Qe8 13. Nb5 fxe4 14. Nd2 Qf7 15. Nxc7 Rb8 16. Ne6 Re8 17. Nxe4 Bf8 18. Nc7 h6 19. Nxe8 hxg5 20. Nc7 Nb6 21. Nb5 Qf5 22. Nbxd6 Bxd6 23. Nxd6 Qf4 24. b3 Bf5 25. Nxf5 gxf5 26. Rfd1 e4 27. Qe3 Qh4 28. Qg3 Qxg3 29. hxg3 Rd8 30. Kf1 Kf7 31. Ke2 Kf6 32. Ke3 Ke5 33. f4+ gxf4+ 34. gxf4+ Kf6 35. Rh1 Kg6 36. Rh3 Nd7 37. Rg3+ Kf7 38. Rh1 Nf6 39. Rg5 Ng4+ 40. Rxg4 fxg4 41. Kxe4 Re8+ 42. Kd3 Ke7 43. Re1+ Kd7 44. Rxe8 Kxe8 45. Ke4 Kd7 46. Ke5 b6 47. f5 Ke7 48. f6+ Kf7 49. Kf5 g3 50. d6 Ke8 51. Ke6 a5 52. f7+ Kf8 53. Kf6 a4 54. d7 axb3 55. d8R# 1-0

[Event "GRE-ch Online Rapid op 1st"]
[Site "Tornelo INT"]
[Date "2021.02.06"]
[Round "4"]
[White "Melessanakis, Alexandros"]
[Black "Pangos, Vaios"]
[Result "1-0"]
[WhiteElo "1127"]
[BlackElo "1422"]
[PlyCount "149"]
[EventDate "2021.02.06"]
[EventType "swiss (rapid)"]
[EventRounds "8"]
[EventCountry "GRE"]
[SourceTitle "EXT 2023"]
[Source "ChessBase"]
[SourceDate "2022.10.05"]
[SourceVersion "1"]
[SourceVersionDate "2022.10.05"]
[SourceQuality "1"]

1. e4 e5 2. Nf3 Nc6 3. Bc4 Nf6 4. Ng5 d5 5. exd5 Na5 6. Bb5+ c6 7. dxc6 bxc6 8. Bd3 Bd6 9. 0-0 0-0 10. b3 h6 11. Ne4 Nxe4 12. Bxe4 f5 13. Bf3 e4 14. Be2 Be5 15. Nc3 Kh8 16. Bb2 f4 17. f3 Bd4+ 18. Kh1 e3 19. dxe3 Bxe3 20. Ne4 Bf5 21. Bd3 Qh4 22. Qe1 Qh5 23. Qxa5 Bb6 24. Qc3 Qg6 25. Rad1 Rad8 26. Qe1 Rde8 27. Qh4 Bd8 28. Qxf4 Bxe4 29. Bxe4 Qxg2+ 30. Kxg2 Rxf4 31. Bxc6 Ref8 32. Rd7 Bf6 33. Bxf6 R8xf6 34. Rfd1 Rxc6 35. R1d2 Rf5 36. Rxa7 Rfc5 37. c4 Rb6 38. Rdd7 Rg5+ 39. Kf2 Rbg6 40. b4 Rg2+ 41. Ke3 Re6+ 42. Kf4 Rf6+ 43. Ke4 Re6+ 44. Kd5 Rge2 45. f4 Rg6 46. Re7 Rd2+ 47. Kc5 Rxh2 48. b5 Rh5+ 49. Kb4 Rf5 50. Re4 h5 51. c5 h4 52. b6 h3 53. b7 h2 54. b8Q+ Kh7 55. Re1 Rg1 56. Qb7 Rxf4+ 57. Kb5 Rfg4 58. Qh1 Rxh1 59. Rxh1 Rg2 60. c6 Rc2 61. c7 Kh6 62. Kb6 g5 63. Ra5 g4 64. Rc5 Rb2+ 65. Kc6 g3 66. c8Q Rxa2 67. Qh3+ Kg7 68. Qxg3+ Kf8 69. Rxh2 Ra6+ 70. Kb5 Rf6 71. Rf2 Rxf2 72. Qxf2+ Ke7 73. Qd4 Ke6 74. Re5+ Kf6 75. Qf4+ 1-0